000 00342 a2200157 4500
001 167194
020 _a85-10-02486-3
040 _cMagnum
100 _aMagatão, Maria Goreth da Silva
240 1 0 _aCana caiana!
_lpor
245 1 0 _aCana caiana!
300 _a32
362 0 _a1999
697 _aLITERATURA INFANTO-JUVENIL
942 _cBK
999 _c167194
_d167194